000 03186ngm a2200481 4500
003 dpl
005 20080723110517.0
007 DVD
008 ||||||sp199 xxu|||||c|||| 00| 0 eng d
010 _aDVD-000719-721 & DVD-004595-4600
024 _aDDVD 001
_c499.00
035 _aDVD-000719-721
035 _aDVD-004595-4600
040 _aDPL
_cDPL
082 _aDVD / GAND
245 _aGandhi
_cNational Education & Information Films Presents
_h[videorecording] DVD/
260 _bDiscover Video & Laser Co.
_aMumbai
300 _a1 videodisc DVD; (188 min.) :
_bsd., col. ;
_c4 3/4 in.
_fDVD
440 _aDiscovery Video & Laser Co.
500 _aAcademy Awards Winner including the "Best Picture " 1982
500 _aThere are very few movies that absolutely must be seen. Sir Richard Attenborough's Gandhi is one of them.
538 _aDolby Digital 5.1-Hindi Subtitles: English
538 _aAspect Ratio: 2.35:1, Presentation type: Wide Screne, Presentation Size 4x3, Format DVD 9 Dual Layer Single Sided Disc.
650 _aMothin Picture
700 _aKingsley, Ben
700 _aAttenborough, Richard
700 _aBergen, Candice
700 _aFox, Edward
700 _aGielgud, John
700 _aHoward, Trevor
942 _cCF
_2ddc
_hDVD
_mGAND
999 _c16969
_d16969